000 00780nam a2200253 i 4500
001 184156
003 ES-MaACL
005 20250605114226.0
008 150401s1963 sp |||| |dspa d
080 _a929 Camus, Albert
100 1 _aLuppé, Robert de.
_9156644
245 1 0 _aCamus /
_cRobert de Luppé ; [traducción... de Juan Bris Montes].
246 3 4 _aAlbert Camus
250 _a1ª ed.
260 _aBarcelona :
_bFontanella,
_c1963.
300 _a172 p. ;
_c17 cm.
490 1 _aTestigos del siglo XX ;
_v5
599 _aEn cub.: retr. de Albert Camus.
600 1 4 _aCamus, Albert,
_d1913-1960
_9240798
700 1 _aBris Montes, Juan.
_9173038
830 0 _aTestigos del siglo XX ;
_v5
_9192049
852 _aES-MaACL
_jE-15526
999 _c184156
_d184156